| 000 | 01041nam a22002415i 4500 | ||
|---|---|---|---|
| 001 | 175157 | ||
| 003 | ES-MaACL | ||
| 005 | 20250815103933.0 | ||
| 008 | 101008s1964 sp ao |||| | spa d | ||
| 080 | _a595.79 | ||
| 100 | 1 |
_aDocavo Alberti, Ignacio. _944953 |
|
| 245 | 1 | 0 |
_aContribución al conocimiento de los bracónidos de España _b: subfamilias Braconinae (Först.) Handl. y Cheloninae (Först.) Saeger : premio "Leonardo Torres Quevedo", 1958 / _cIgnacio Docavo Alberti. |
| 260 |
_aMadrid : _bConsejo Superior de Investigaciones Científicas, _c1964. |
||
| 300 |
_aXVI, 215 p. : _bil., fot.. ; _c25 cm. |
||
| 490 | 1 |
_aMonografías de ciencia moderna ; _v71 |
|
| 490 | 1 |
_aInstituto "José de Acosta" ; _v2 |
|
| 650 | 1 | 4 |
_aBracónidos- _zEspaña. _9143510 |
| 710 | 2 |
_aConsejo Superior de Investigaciones Científicas (España) _93236 |
|
| 830 | 0 |
_aMonografías de ciencia moderna _v71 _9189470 |
|
| 830 | 0 |
_aInstituto "José de Acosta" ; _v2 _9189528 |
|
| 852 |
_aES-MaACL _jE-13335 _xOlim P-555 bis |
||
| 999 |
_c175157 _d175157 |
||